| 000 | 00626nam a2200193 a 4500 | ||
|---|---|---|---|
| 001 | BRCA_7187 | ||
| 005 | 20190320205737.0 | ||
| 008 | 130112s1926----nyuao#####---#000-0#eng-# | ||
| 041 | _aeng | ||
| 044 | _anyu | ||
| 050 | 4 |
_aG440 _b.A76 1926 |
|
| 245 | 1 | 0 |
_aAround the world via the southern hemisphere _bthe cruise of 1927, sailing from New York, January 12th an from Los angeles, January 28th, returning to New York, June 2nd. |
| 260 |
_aNueva York _bT. Cook & Son _c1926 |
||
| 300 |
_a87 p. _bil., fotografías _c23 cm. |
||
| 500 | _aP79 | ||
| 650 | 1 | 4 |
_aViajes al rededor del mundo _915532 |
| 902 | _aGFM | ||
| 942 |
_2lcc _cB |
||
| 999 |
_c6868 _d6868 |
||